1980 year quiz - Statistics

General Stats
  • This quiz has been taken 88 times
  • The average score is 6 of 10
Answer Stats
Hint Answer % Correct
This singer is shot dead in New York John Lennon
95%
Iraq invades this country along a 400-mile front Iran
92%
The US boycotts an Olympics held in this city Moscow
87%
Massive eruption at this US volcano Mount St Helens
71%
Robert Mugabe ends white minority rule in this country Zimbabwe
71%
This man founds the Solidarity union with strikes at a Polish shipyard Lech Walesa
53%
This globally successful video game released in Japan Pac-Man
49%
This East European leader has biggest ever state funeral Tito
45%
Voters in this North American region reject independence Quebec
42%
This Marxist group begins its insurgency in Peru Shining Path
12%
No matching quizzes found
Score Distribution
Percent of People with Each Score
Percentile by Number Answered
Your Score History
You have not taken this quiz